| 000 | 00364nam a22001457a 4500 | ||
|---|---|---|---|
| 999 |
_c196209 _d196209 |
||
| 005 | 20230606160205.0 | ||
| 010 | _aB-680735 | ||
| 020 | _c699.00 | ||
| 035 | _aB-680735 | ||
| 245 | _aCivil Engineering / | ||
| 260 |
_aDelhi _bPansy Books |
||
| 270 |
_aSomesh Vihar,Chhawla, _bDelhi _e110071 |
||
| 300 |
_avp. _c22cm |
||
| 942 |
_2ddc _cEN _mCIV _h000 |
||